| 000 | 00895nam a22002297a 4500 | ||
|---|---|---|---|
| 999 |
_c11864 _d11864 |
||
| 003 | AR-CdUCM | ||
| 008 | 190405b ||||| |||| 00| 0 spa d | ||
| 040 |
_aMUNICIPALIDAD PROVINCIAL DEL CUSCO _cBIBLIOTECA MUNICIPAL DEL CUSCO |
||
| 082 |
_aES / 373.460 / _bG96 |
||
| 100 |
_aGutiérrez, Marco _910341 |
||
| 245 |
_aLengua y Literatura 4 : _bTeoría y Práctica de la Lingüística y la Literatura / |
||
| 260 |
_aLima : _bEdiciones Quilca. |
||
| 300 |
_a256 páginas ; _bIlustraciones, mapas _c20cm |
||
| 440 |
_aColección Curriculum 2000 _929441 |
||
| 500 | _aEducación secundaria 4to | ||
| 505 | _aContenido: Literatura Quechua -- Época colonial -- Costumbrismo y romanticismo -- Realismo y modernismo -- Criollismo... | ||
| 650 |
_aPerú _935 |
||
| 650 |
_aLengua y literatura _928814 |
||
| 700 |
_aRodríguez, Sergio _926616 |
||
| 942 |
_2ddc _cLIBROS |
||
| 945 |
_anom _d2019-04-05 |
||